| 000 | 005710000a22001810004500 | ||
|---|---|---|---|
| 001 | 768714001 | ||
| 003 | CO-MdFUSB | ||
| 005 | 20170424124504.0 | ||
| 008 | 170424s2005 cr ||||| |||| 00| 0 spa d | ||
| 040 |
_aCO-MdFUSB _bspa _cCO-MdFUSB _dCO-MdFUSB |
||
| 041 | _aspa | ||
| 100 | 1 |
_aSoto, José _eAutor |
|
| 245 | 1 | 0 | _aEra solo un niño |
| 300 |
_aVolumen 7, número 27, (2005), Páginas 12-13 _c28 cm. |
||
| 546 | _aTexto en español | ||
| 773 | 0 |
_tAlcanzando a los Niños en Riesgo _049458 _960573 _gVolumen 7, número 27, (2005), Páginas 12-13 _qPáginas 12 |
|
| 942 | _cANA | ||
| 999 |
_c60899 _d60899 |
||